000 00814nam a2200277 i 4500
999 _c49158
_d49158
001 C2-0166563
003 PPAK
005 20200421170119.0
008 980620s1997 my a|||| ||||| | may d
020 _a9836253181 ; 9789836253187
040 _aPPAK
_beng
_cPPAK
_erda
082 0 4 _a297.43
_223
090 0 0 _a297.43
_bSCO
_dK
100 1 _aScott, Ayesha Abdullah,
_eauthor
245 1 0 _aSubhanallah :
_b(Maha Suci Allah)
264 1 _aKuala Lumpur :
_bDewan Bahasa dan Pustaka ,
_c1997
300 _a24 pages :
_bcolour illustrations ;
_c21 cm
336 _2rdacontent
_atext
337 _2rdamedia
_aunmediated
338 _2rdacarrier
_avolume
490 1 _aSiri bimbingan zikir dan doa
500 _aBuku 2
650 1 0 _aPrayer - Islam.
830 0 _aSiri bimbingan zikir dan doa
942 _cB
_2ddc